000 00564nam a2200205Ia 4500
003 OSt
005 20250426113725.0
008 220927b |||||||| |||| 00| 0 eng d
020 _a9789351062493
040 _aSDCL
_cSDCL
_beng
041 _2eng
_aeng
084 _aS822 Q3 LR
100 _aAmber, Dusick
_9426222
245 0 _aParenting :
_b Illustrated with crappy pictures
260 _aMumbai :
_bHarlequin,
_c2013.
300 _aix,214p.
650 _aReference
942 _cGB
_2CC
_n0
999 _c743204
_d743204